000 00789cab a2200193 4500
001 ABS44581
008 090401t1991 xxu||||| |||| 00| 0 eng d
035 _a(Sirsi) u47876
041 _aeng
100 _aCole, E.
245 4 _aThe future for quantity surveying
260 _c1991
350 _a0
490 _aCivil Engineering Surveyor
_v16(4) May 1991, 10-17(2)
520 _aPersonal thoughts on the future of quantity surveying are offered here by Dr Eric Cole, particularly on the development of network analysis as a rival to bills of quantity . He argues for change within the ICES , for seizing the opportunity offered by network analysis to improve the distinctive standing of the profession.
690 _aQuantity surveying
_96263
942 _n0
948 _c04/03/1997
999 _c30125
_d30125